Geografía de los suelos de Colombia / (Registro nro. 18245)

Detalles MARC
000 -CABECERA
Campo de control 00618nam a22001937a 4500
005 - FECHA Y HORA DE LA ULTIMA TRANSACCION
Campo de control 20160317120333.0
008 - ELEMENTOS DE LONGITUD FIJA—INFORMACION GENERAL
Campo de control 160317b1982 ck ||||| |||| 00| 0 spa d
040 ## - FUENTE DE CATALOGACIÓN
Agencia catalogadora original CO-BoIAVH
Agencia transcriptora CO-BoIAVH
041 ## - IDIOMA
Código de idioma para texto/pista de sonido o título separado Español
044 ## - PAÍS DE PUBLICACIÓN
País de publicación Colombia
082 14 - NUMERO DE CLASIFICACION DECIMAL DEWEY
Número de clasificación 551.709861
Número del ítem C82g
100 1# - ASIENTO PRINCIPAL--NOMBRE PERSONAL
Nombre personal Cortés Lombana, Abdón
Fechas asociadas con el nombre 1939-
9 (RLIN) 64475
245 10 - MENCION DE TITULO
Título Geografía de los suelos de Colombia /
Parte restante del título Abdón Cortés Lombana.
260 ## - PUBLICACION, DISTRIBUCION, ETC. (PIE DE IMPRENTA)
Lugar de publicación, distribución, etc. Bogotá:
Nombre del editor, distribuidor, etc. Universidad de Bogotá Jorge Tadeo Lozano,
Fecha de publicación, distribución, etc. 1982.
300 ## - DESCRIPCION FISICA
Extensión 161 páginas,
Dimensiones 25 centímetros.
650 1# - ASIENTO SECUNDARIO DE MATERIA - TERMINO TEMATICO
Término temático o nombre geográfico como elemento de entrada Suelos
Subdivisión geográfica Colombia
9 (RLIN) 64476
650 1# - ASIENTO SECUNDARIO DE MATERIA - TERMINO TEMATICO
Término temático o nombre geográfico como elemento de entrada Geografía
Subdivisión geográfica Colombia
9 (RLIN) 64477
942 ## - ELEMENTOS ADICIONALES (KOHA)
Sistema de clasificación Dewey Decimal Classification
Tipo de ítem Libro
Existencias
Withdrawn status Lost status Sistema de Clasificación Damaged status No para préstamo Colección Inventariado Ubicación Permanente Ubicación actual Fecha de adquisición Fuente de Valor Total Checkouts Número topográfico Inventario / Código de Barras Date last seen Ejemplar Price effective from Forma de adquisición Tipo de material
    Dewey Decimal Classification     Fondo Ramiro Osorio Osma Inventariado 2017 Bogotá Bogotá 17/03/2016 Instituto   FRO-551.709861 C82g 039711 17/03/2016 Ej. 1 17/03/2016   Libro